000054377 001__ 54377
000054377 005__ 20230317221437.0
000054377 0247_ $$2doi$$a10.1088/0954-3899/32/1/005
000054377 0247_ $$2ISSN$$a0954-3899
000054377 0247_ $$2ISSN$$a0305-4616
000054377 0247_ $$2ISSN$$a1361-6471
000054377 0247_ $$2WOS$$aWOS:000235670100007
000054377 037__ $$aGSI-2013-05092
000054377 041__ $$aEnglish
000054377 082__ $$a530
000054377 1001_ $$aWei, F X$$b0$$eCorresponding author
000054377 245__ $$aEffect of isovector-scalar meson on neutron-star matter in strong magnetic fields
000054377 260__ $$aBristol$$bIOP Publ.$$c2006
000054377 3367_ $$0PUB:(DE-HGF)16$$2PUB:(DE-HGF)$$aJournal Article$$bjournal$$mjournal$$s1380030652_7250
000054377 3367_ $$2DRIVER$$aarticle
000054377 3367_ $$2BibTeX$$aARTICLE
000054377 3367_ $$00$$2EndNote$$aJournal Article
000054377 536__ $$0G:(DE-HGF)POF2-899$$a899 - ohne Topic (POF2-899)$$cPOF2-899$$fPOF I$$x0
000054377 588__ $$aDataset connected to CrossRef, repository.gsi.de
000054377 7001_ $$aMao, G J$$b1
000054377 7001_ $$aKo, C M$$b2
000054377 7001_ $$aKisslinger, L S$$b3
000054377 7001_ $$0P:(DE-Ds200)OR2345$$aStöcker, Horst$$b4$$ugsi
000054377 7001_ $$aGreiner, W$$b5
000054377 773__ $$0PERI:(DE-600)1472964-7$$a10.1088/0954-3899/32/1/005$$gVol. 32, no. 1, p. 47 - 61$$n1$$p47 - 61$$tJournal of physics / G$$v32$$x1361-6471$$y2006
000054377 909CO $$ooai:repository.gsi.de:54377$$pVDB
000054377 9101_ $$0I:(DE-Ds200)20121206GSI$$6P:(DE-Ds200)OR2345$$aGSI Helmholtzzentrum für Schwerionenforschung GmbH$$b4$$kGSI
000054377 9131_ $$0G:(DE-HGF)POF2-899$$1G:(DE-HGF)POF2-890$$2G:(DE-HGF)POF2-800$$3G:(DE-HGF)POF2$$4G:(DE-HGF)POF$$aDE-HGF$$bProgrammungebundene Forschung$$lohne Programm$$vohne Topic$$x0
000054377 915__ $$0StatID:(DE-HGF)0010$$2StatID$$aJCR/ISI refereed
000054377 915__ $$0StatID:(DE-HGF)0100$$2StatID$$aJCR
000054377 915__ $$0StatID:(DE-HGF)0110$$2StatID$$aWoS$$bScience Citation Index
000054377 915__ $$0StatID:(DE-HGF)0111$$2StatID$$aWoS$$bScience Citation Index Expanded
000054377 915__ $$0StatID:(DE-HGF)0150$$2StatID$$aDBCoverage$$bWeb of Science Core Collection
000054377 915__ $$0StatID:(DE-HGF)0199$$2StatID$$aDBCoverage$$bThomson Reuters Master Journal List
000054377 915__ $$0StatID:(DE-HGF)0200$$2StatID$$aDBCoverage$$bSCOPUS
000054377 915__ $$0StatID:(DE-HGF)0300$$2StatID$$aDBCoverage$$bMedline
000054377 915__ $$0StatID:(DE-HGF)0420$$2StatID$$aNationallizenz
000054377 915__ $$0StatID:(DE-HGF)1020$$2StatID$$aDBCoverage$$bCurrent Contents - Social and Behavioral Sciences
000054377 9201_ $$0I:(DE-Ds200)THE-20051214OR028$$kTHE$$lTheorie$$x0
000054377 980__ $$ajournal
000054377 980__ $$aVDB
000054377 980__ $$aUNRESTRICTED
000054377 980__ $$aI:(DE-Ds200)20120319OR028
000054377 980__ $$aI:(DE-Ds200)THE-20051214OR028